Meilleurs sons de Orelsan - Statistiques

Statistiques générales
  • Ce quiz a été pris 883 fois
    768 depuis la dernière actualisation
  • Le résultat moyen est 8 sur 15
Statistiques - réponses
Rang Titres Streams % Correct
6 Basique 74,5M
88%
5 La terre est ronde 79,6M
76%
2 La Quête 90,0M
74%
4 La pluie (ft. Stromae) 82,5M
59%
9 Défaite de famille 53,0M
57%
1 Rêves bizarres (ft. Damso) 90,6M
55%
13 San 48,0M
55%
12 L'odeur de l'essence 49,3M
53%
14 Tout va bien 48,6M
53%
3 Jour meilleur 86,5M
52%
7 Notes pour trop tard (ft. Ibeyi) 66,8M
49%
11 Paradis 49,8M
44%
10 Du propre 52,2M
39%
8 Millions (ft. No Limit, Ninho) 62,6M
24%
15 La vérité (ft. Lomepal) 44,2M
10%
Aucun quiz correspondant
Distribution des résultats
% des personnes avec chaque résultat
Percentile par nombre de réponses
Votre historique - résultats
Vous n’avez pas pris ce quiz depuis la dernière actualisation